000 00407 a2200145 4500
005 20250623092828.0
020 _a0-13-048741-4
082 _aTEA LM 629.89 MAL
100 _aMALONEY, T. J.
245 _aModern Industrial Electronics.
250 _a5th Ed.
260 _aColumbus,
_bPrentice-Hall,
_c2004.
300 _axix, 972p.: ill.; figure, picture, table.
_bGlossary & Index.
_c26cm.
942 _2ddc
_cBKS
999 _c3165
_d3165